000 00211nam a22000857a 4500
008 170601b xxu||||| |||| 00| 0 eng d
100 _93173
_aNehemiah. A
245 _aThe Runaway Wheel
260 _aNew Delhi
_bCBT
_c2003
999 _c6476
_d6476